21世紀 サッカー日本代表対戦相手 - Statistics

General Stats
  • This quiz has been taken 42 times
  • The average score is 77 of 101
Answer Stats
初対戦日 最新対戦日 国名 % Correct
2001/3/24 2012/10/12 フランス
100%
2001/6/4 2025/10/14 ブラジル
100%
2002/11/20 2010/10/8 アルゼンチン
97%
2003/12/4 2025/7/12 中国
97%
2004/12/16 2023/9/9 ドイツ
97%
2005/6/16 2025/9/6 メキシコ
97%
2006/2/10 2025/9/9 アメリカ
97%
2001/4/25 2022/12/1 スペイン
94%
2001/5/31 2023/10/13 カナダ
94%
2002/6/4 2018/7/2 ベルギー
94%
2002/6/9 ロシア
94%
2003/4/16 2025/7/15 韓国
94%
2003/6/22 2023/3/28 コロンビア
94%
2004/2/12 2024/1/19 イラク
94%
2004/7/28 2024/2/3 イラン
94%
2006/9/3 2025/3/25 サウジアラビア
94%
2007/7/16 2024/1/14 ベトナム
94%
2008/1/26 2019/6/17 チリ
94%
2001/11/7 2013/6/19 イタリア
91%
2002/6/18 2023/9/12 トルコ
91%
2004/6/1 2026/4/1 イングランド
91%
2004/6/9 2006/10/11 インド
91%
2005/2/9 2017/12/9 北朝鮮
91%
2005/6/19 2014/6/19 ギリシャ
91%
2009/9/5 2013/11/16 オランダ
91%
2009/11/14 南アフリカ
91%
2010/6/24 デンマーク
91%
2024/1/24 2025/6/10 インドネシア
91%
2002/3/27 2018/6/28 ポーランド
88%
2002/4/17 2022/11/27 コスタリカ
88%
2002/5/14 ノルウェー
88%
2002/5/25 スウェーデン
88%
2001/6/7 2025/6/5 オーストラリア
85%
2002/3/21 2018/3/27 ウクライナ
85%
2003/3/28 2023/3/24 ウルグアイ
85%
2003/6/18 2017/10/6 ニュージーランド
85%
2004/7/31 2015/1/20 ヨルダン
85%
2006/5/13 2026/3/27 スコットランド
85%
2006/10/4 2025/11/14 ガーナ
85%
2007/7/9 2019/2/1 カタール
85%
2007/9/11 スイス
85%
2007/10/17 エジプト
85%
2010/2/2 2019/11/19 ベネズエラ
85%
2001/7/1 2025/10/10 パラグアイ
82%
2002/4/29 2004/7/9 スロバキア
82%
2004/2/18 2021/11/16 オマーン
82%
2004/7/24 2024/1/1 タイ
82%
2005/5/22 2023/6/20 ペルー
82%
2006/2/18 2009/2/4 フィンランド
82%
2006/3/30 2022/9/27 エクアドル
82%
2006/6/18 2022/12/5 クロアチア
82%
2008/5/24 2020/10/13 コートジボワール
82%
2011/10/11 2021/6/7 タジキスタン
82%
2019/10/10 2021/3/30 モンゴル
82%
2001/10/7 2003/8/20 ナイジェリア
79%
2002/6/14 2023/10/17 チュニジア
79%
2004/3/31 2015/11/12 シンガポール
79%
2004/4/28 2011/6/7 チェコ
79%
2005/5/27 2017/3/23 アラブ首長国連邦
79%
2007/9/7 オーストリア
79%
2019/1/19 トルクメニスタン
79%
2019/3/26 2025/11/18 ボリビア
79%
2010/4/7 2021/6/11 セルビア
76%
2019/9/10 2024/6/6 ミャンマー
76%
2001/10/4 2018/6/24 セネガル
73%
2005/2/2 2024/6/11 シリア
73%
2006/5/9 2016/6/3 ブルガリア
73%
2008/10/15 2019/1/17 ウズベキスタン
73%
2012/5/23 アゼルバイジャン
73%
2015/9/3 2015/11/17 カンボジア
73%
2001/6/2 2020/10/9 カメルーン
70%
2004/2/7 マレーシア
70%
2004/5/30 2012/2/24 アイスランド
70%
2004/8/3 2025/3/20 バーレーン
70%
2005/1/29 カザフスタン
70%
2002/5/2 2014/11/18 ホンジュラス
67%
2015/9/8 2016/3/24 アフガニスタン
67%
2018/11/20 2021/6/15 キルギス
67%
2002/10/16 2014/10/10 ジャマイカ
64%
2005/10/8 2013/2/6 ラトビア
64%
2018/10/12 2020/11/13 パナマ
64%
2004/4/25 ハンガリー
61%
2009/10/14 トーゴ
61%
2018/3/23 マリ
61%
2003/10/11 ルーマニア
58%
2006/8/16 2010/1/6 イエメン
58%
2003/12/7 2025/7/8 香港
55%
2019/6/9 2023/6/15 エルサルバドル
55%
2013/10/15 ベラルーシ
52%
2006/2/28 2016/6/7 ボスニア・ヘルツェゴビナ
48%
2010/9/7 2013/9/6 グアテマラ
48%
2017/10/10 ハイチ
48%
2005/11/16 アンゴラ
45%
2006/6/4 マルタ
45%
2007/6/1 モンテネグロ
45%
2014/6/6 ザンビア
42%
2006/8/9 2019/6/5 トリニダード・トバゴ
39%
2014/5/27 キプロス
39%
2015/1/12 パレスチナ
39%
2001/7/4 ユーゴスラビア
33%
2004/7/13 セルビア・モンテネグロ
12%
No matching quizzes found
Score Distribution
Percent of People with Each Score
Percentile by Number Answered
Your Score History
You have not taken this quiz